Beyond the waste land: A study of the American novel in the Nineteen-sixties

Spremljeno u:
Bibliografski detalji
Glavni autor: Olderman, Raymond M.
Format: Knjiga
Jezik:Undetermined
Izdano: Londres, Inglaterra Yale University Press 1972
Teme:
Oznake: Dodaj oznaku
Bez oznaka, Budi prvi tko označuje ovaj zapis!

MARC

LEADER 00000nam a2200000Ia 4500
008 170316s9999 xx 000 0 und d
040 |a cru BVZT 
090 |a 810 O-6b 
100 |a Olderman, Raymond M. 
245 |a Beyond the waste land: A study of the American novel in the Nineteen-sixties 
260 |a Londres, Inglaterra 
260 |b Yale University Press 
260 |c 1972 
300 |a 258 páginas 
650 |a LITERATURA ESTADOUNIDENSE 
999 |c 5992  |d 5992 
942 |c 15 D  |h 810 O-6b  |2 z